E animals - Statistics

General Stats
  • This quiz has been taken 49 times
  • The average score is 8 of 13
Answer Stats
Picture Answer % Correct
Eagle
98%
Elephant
98%
Eel
88%
Emu
88%
Earthworm
86%
Elk
71%
Emperor penguin
69%
Echidna
64%
Elephant seal
48%
English bulldog
45%
Earwig
40%
English setter
21%
English pointer
7%
No matching quizzes found
Score Distribution
Percent of People with Each Score
Percentile by Number Answered
Your Score History
You have not taken this quiz